Swiss football league champions - Statistics

General Stats
  • This quiz has been taken 77 times
  • The average score is 109 of 127
Answer Stats
Hint Answer % Correct
1952-53 | 1966-67 | 1968-69 | +18 others FC Basel
100%
1901-02 | 1923-24 | 1962-63 | +10 others FC Zurich
100%
1902-03 | 1908-09 | 1909-10 | +14 others Young Boys
98%
1899-00 | 1900-01 | 1904-05 | +23 others Grasshopper
97%
1937-38 | 1940-41 | 1948-49 Lugano
89%
1912-13 | 1931-32 | 1934-35 | +3 others Lausanne Sport
80%
1950-51 Lusanne Sport
80%
1906-07 | 1917-18 | 1921-22 | +14 others Servette
79%
1903-04 St Gallen
77%
1999-00 St. Gallen
77%
1922-23 N/A
75%
1991-92 | 1996-97 FC Sion
69%
1988-89 FC Luzern
64%
1915-16 | 1986-87 | 1987-88 Xamax Neuchatel
61%
1905-06 | 1907-08 | 1916-17 Winterthur
59%
1911-12 | 1913-14 | 1992-93 Aarau
54%
1947-48 Bellinzona
44%
1946-47 Biel-Bienne
41%
1953-54 | 1954-55 | 1963-64 La Chaux-de-Fonds
36%
1918-19 Etoile Sporting
16%
1898-99 Anglo-American
13%
1914-15 Bruhl St Gallen
11%
No matching quizzes found
Score Distribution
Percent of People with Each Score
Percentile by Number Answered
Your Score History
You have not taken this quiz